000 00276nam a22001217a 4500
041 _aENG
100 _aSavadi.A.B
245 _aMaharashtracha Bhugole
260 _aPune
_bNirali Prakashan
_c2000
300 _a283
650 _aCompetitive Exam
856 _uCompetitive Exam ( 35 )
999 _c963
_d963